Normal view MARC view
  • Onetto, Fernando

Entry Nombre Personal

Number of records used in: 4

001 - NUMERO DE CONTROL

  • campo de control: 41203

003 - IDENTIFICADOR DE NUMERO DE CONTROL

  • campo de control: DLC

005 - FECHA Y HORA DE LA ÜLTIMA TRANSACCIÓN

  • campo de control: 20240909105551.0

008 - DATOS DE LONGITUD FIJA

  • campo de control de longitud fija: 120410n| azannaabn |n aaa c

010 ## - NÚMERO DE CONTROL DE LA BIBLIOTECA DEL CONGRESO

  • Número de control LC: no2012050674

035 ## - NUMERO DE CONTROL

  • Número de control: (OCoLC)oca09167221

040 ## - FUENTE DE CATALOGACIÓN

  • Agencia original de catalogación: AgViUSA
  • Lenguaje de catalogación: spa
  • Description conventions: rda
  • Agencia de transcripción: AgViUSA
  • Agencia que lo modifica: DLC
  • Agencia que lo modifica: MX-MxUPN

100 1# - ENCABEZAMIENTO - NOMBRE PERSONAL

  • Nombre personal: Onetto, Fernando

372 ## - CAMPO DE ACTIVIDAD

  • Field of activity: Educación

377 ## - LENGUA ASOCIADA

  • Language code: spa

670 ## - FUENTE EN LA QUE SE LOCALIZARON DATOS

  • Cita de la fuente: La escuela tiene sentido, 2011:
  • Información localizada: portada (Fernando Onetto) solapa (holds a degree in Philosophy from Universidad del Salvador [Argentina])

670 ## - FUENTE EN LA QUE SE LOCALIZARON DATOS

  • Cita de la fuente: Trasmitir saberes a las nuevas generaciones : cultura escolar y diálogo entre niños, jóvenes y adultos, 2020:
  • Información localizada: portada (Fernando Onetto) página 4 de la cubierta (Fernando Onetto; licenciado en Filosofía (USAL), licenciado en Teología (UCA), magister en Educación (UDESA); autor de numerosas obras educativas y de cuentos infantiles)

902 ## - CATALOGADOR

  • Catalogador: Víctor Ruiz/090924